Banderas Regionales de Italia - Estadísticas

Estadísticas generales
  • Esta prueba ha sido intentada 53 veces
  • La puntuación promedio es 11 de 20
Estadísticas de respuestas
Imagen Respuesta % Correcto
Cerdeña
94%
Sicilia
88%
Lombardía
84%
Véneto
78%
Toscana
66%
Lacio
59%
Piamonte
59%
Calabria
53%
Emilia-Romaña
53%
Liguria
50%
Valle de Aosta
50%
Umbría
47%
Campania
44%
Marcas
44%
Basilicata
38%
Trentino-Alto Adagio
38%
Apulia
34%
Friuli-Venecia Julia
34%
Molise
31%
Abruzos
28%
No se encontraron pruebas coincidentes
Distribución de puntuación
Porcentaje de gente con cada puntuación
Porcentaje por número respondido
Historial de tus puntuaciones
No has intentado esta prueba.